Belgian Football Clubs by Badges - Statistics

General Stats
  • This quiz has been taken 87 times
  • The average score is 23 of 26
Answer Stats
Picture Answer % Correct
Club Brugge FC
100%
KRC Genk
100%
Royal Antwerp FC
100%
RSC Anderlecht
100%
Cercle Brugge
99%
KAA Gent
99%
Standard Liège
99%
KV Oostende
97%
Union SG
97%
KV Mechelen
95%
KAS Eupen
94%
Zulte-Waregem
94%
Beerschot
92%
Dender
91%
Charleroi
90%
Lommel SK
90%
KV Kortijk
88%
Lierse
88%
Oud-Heverlee Leuven
87%
SK Beveren
86%
STVV
86%
KMSK Deinze
85%
Excelsior Virton
83%
Westerlo
78%
RWD Molenbeek
63%
Seraign Utd
12%
No matching quizzes found
Score Distribution
Percent of People with Each Score
Percentile by Number Answered
Your Score History
You have not taken this quiz